000 00270nam a2200109Ia 4500
008 230320s9999||||xx |||||||||||||| ||spa||
082 _a194/T32C
100 _aCuenot, Claude
245 0 _aLo Que Verdaderamente Dijo Teilhard
260 _bAGUILARCUENOT,
942 _80
_cLIB
999 _c26431
_d26431